EANN 2007, Proceedings of the 10th International Conference on Engineering Applications of Neural Networks, Thessaloniki, Greece, 29.-31.8.2007

Salvato in:
Dettagli Bibliografici
Altri autori: Margaritis, Konstantinos (Redattore), Iliadis, Lazaros (Redattore)
Natura: Libro
Lingua:inglese
Pubblicazione: Aachen CEUR-WS 2007
Tags: Aggiungi Tag
Nessun Tag, puoi essere il primo ad aggiungerne!!

MARC

LEADER 00000nam a22000003a 4500
001 stu148653
005 20150617225937.0
008 071107s2007----gr------------------eng-d
020 |a 978-960-287-093-8 
040 |a STU  |b slo 
041 0 |a eng 
044 |a gr 
100 1 |a Margaritis, Konstantinos  |4 edt 
245 1 |a EANN 2007, Proceedings of the 10th International Conference on Engineering Applications of Neural Networks, Thessaloniki, Greece, 29.-31.8.2007 
260 |a Aachen  |b CEUR-WS  |c 2007 
300 |a 445 s. 
700 1 |a Iliadis, Lazaros  |4 edt 
996 |c I*Z7090  |l I  |s A  |a 24  |w stu148653_0001